Bioactive medicinal plants

Bibliographic Details
Main Author: Hota, Dharamvir
Format: Book
Published: New Dehli : Gene-Tech Books , 2007
Subjects:

MARC

LEADER 00000cam a2200000 7i4500
001 0000017907
005 20080612.0
008 080530
020 |a 8189729195 
090 0 0 |a 630   |b HOT 
100 1 |a Hota, Dharamvir 
245 1 0 |a Bioactive medicinal plants   |c editor Dharamvir Hota 
260 |a New Dehli :   |b Gene-Tech Books ,   |c 2007 
500 |a Include index 
504 |a Includes bibliographical references 
650 0 |a Plants   |x medical 
999 |a 0001019476   |b Book   |c REFERENCE   |e Perbadanan Perpustakaan Awam Johor